000 01779cam a22004817a 4500
003 CHAP
005 20220329141944.0
008 980928d1997 mx a r 00110 spa d
010 _a76224
011 _a77196
020 _a9683656463
035 _a86799
040 _cCHAP
082 0 4 _a574.97262
_bG6
100 0 0 _aGonzález Soriano, Enrique
_eed.
_949430
245 1 0 _aHistoria natural de Los Tuxtlas
_c/ed. por Enrique González Soriano, Rodolfo Dirzo y Richard C. Vogt
260 _aMéxico, D. F. :
_bUniversidad Nacional Autónoma de México. Instituto de Biología,
_c1997.
300 _a647 p. :
_bilus.
590 _aBATCH-UPD
_b10
_c20130110
_lUCH01
_h0306
590 _aBATCH-UPD
_b10
_c20130110
_lUCH01
_h1631
590 _aBATCH-UPD
_b10
_c20130409
_lUCH01
_h2338
590 _aBATCH-UPD
_b10
_c20130410
_lUCH01
_h1642
590 _aBATCH-UPD
_b10
_c20130914
_lUCH01
_h0439
590 _aCONVERSION
_b10
_c20130109
_lUCH01
_h1342
650 1 4 _aAves
_xVeracruz.
_98627
650 1 4 _aBatráceos
_xVeracruz.
_910819
650 1 4 _aBiodiversidad.
_912724
650 1 4 _aCiencias naturales
_xVeracruz.
_923194
650 1 4 _aEcología vegetal.
_935188
650 1 4 _aInsectos
_xVeracruz.
_958947
650 1 4 _aInvertebrados.
_960203
650 1 4 _aMamíferos
_xVeracruz.
_970256
650 1 4 _aReptiles
_xVeracruz.
_996044
650 1 4 _aVertebrados.
_9118965
700 0 2 _aDirzo, Rodolfo
_eed.
_932706
700 0 2 _aVogt, Richard C.
_eed.
_9120614
901 _aBK
905 _aAlejandra Carrasco M.
942 _cLIBRO
949 _a574.97262 G6
_bBC
_cLIBRO
_d33724000704326
_eLIBRO
_h94236
_i86799
_si
949 _a574.97262 G6
_bBC
_cLIBRO
_d33724000903092
_eLIBRO
_fc.3
_gI.193826
_h95356
_i86799
_si
949 _a574.97262 G6
_bBC
_cLIBRO
_d33724000942702
_eLIBRO
_fc.2
_h94237
_i86799
_si
999 _c76224
_d76224